2019-2020 Dallas Cowboys Current Roster - Statistics

General Stats
  • This quiz has been taken 442 times
  • The average score is 21 of 40
Answer Stats
Hint Answer % Correct
QB Dak Prescott
99%
RB Ezekiel Elliott
97%
WR Amari Cooper
92%
RB Tony Pollard
81%
WR Michael Gallup
80%
TE Jason Witten
77%
LB Jaylon Smith
77%
OL Tyron Smith
77%
OL Zack Martin
77%
DE Demarcus Lawrence
75%
LB Leighton Vander-Esch
71%
Coach Jason Garrett
69%
CB Byron Jones
65%
QB Cooper Rush
65%
P Chris Jones
64%
TE Dalton Schultz
59%
LB Sean Lee
59%
TE Blake Jarwin
55%
OL La'el Collins
52%
DT Maliek Collins
50%
OL Connor Williams
48%
WR Randall Cobb
48%
CB Anthony Brown
47%
K Brett Maher
47%
CB Chidobe Awuzie
44%
OL Travis Fredrick
44%
FS Xavier Woods
43%
DT Antwuan Woods
42%
SS Jeff Heath
41%
CB Jourdan Lewis
38%
WR Tavon Austin
30%
DE Robert Quinn
27%
QB Mike White
26%
DE Tyrone Crawford
24%
FB Jamize Olawale
22%
RB Alfred Morris
18%
LS L.P. Ladouceur
14%
WR Jon'Vea Johnson
13%
DE Taco Charlton
10%
FS George Iloka
3%
No matching quizzes found
Score Distribution
Percent of People with Each Score
Percentile by Number Answered
Your Score History
You have not taken this quiz